<?xml version="1.0" encoding="UTF-8"?>
<record
    xmlns:xsi="http://www.w3.org/2001/XMLSchema-instance"
    xsi:schemaLocation="http://www.loc.gov/MARC21/slim http://www.loc.gov/standards/marcxml/schema/MARC21slim.xsd"
    xmlns="http://www.loc.gov/MARC21/slim">

  <leader>03094nam a2200337   4500</leader>
  <controlfield tag="001">113467</controlfield>
  <controlfield tag="003">DR-UNIBE</controlfield>
  <controlfield tag="005">20250428141910.0</controlfield>
  <controlfield tag="008">250422b2025    dr ||||| |||| 00| 0 spa d</controlfield>
  <datafield tag="020" ind1=" " ind2=" ">
    <subfield code="a"> 9789945251234</subfield>
  </datafield>
  <datafield tag="040" ind1=" " ind2=" ">
    <subfield code="a">BIBLIOTECA UNIBE</subfield>
    <subfield code="b">spa</subfield>
    <subfield code="c">BIBLIOTECA UNIBE</subfield>
    <subfield code="e">rda</subfield>
  </datafield>
  <datafield tag="041" ind1=" " ind2=" ">
    <subfield code="a">spa</subfield>
  </datafield>
  <datafield tag="082" ind1=" " ind2=" ">
    <subfield code="2">22</subfield>
    <subfield code="a">RD  972.93 B142o</subfield>
  </datafield>
  <datafield tag="100" ind1="1" ind2="0">
    <subfield code="a">B&#xE1;ez Evertsz, Franc,</subfield>
    <subfield code="d">1948-2016 </subfield>
    <subfield code="q">(B&#xE1;ez Evertsz, Francisco Bienvenido) </subfield>
    <subfield code="e">autor</subfield>
    <subfield code="9">56963</subfield>
  </datafield>
  <datafield tag="245" ind1="1" ind2="0">
    <subfield code="a">Obras selectas / </subfield>
    <subfield code="c">Franc B&#xE1;ez Evertsz ;  pre&#xE1;mbulo :  Leopoldo Artiles Gil ; cuidado de edici&#xF3;n : Kary Alba Rocha y Raymundo Gonz&#xE1;lez ; diagramaci&#xF3;n : Juan Francisco Dom&#xED;nguez Novas ; dise&#xF1;o de cubierta : Yenifer De la Rosa </subfield>
  </datafield>
  <datafield tag="250" ind1=" " ind2=" ">
    <subfield code="a">Primera edici&#xF3;n</subfield>
  </datafield>
  <datafield tag="260" ind1=" " ind2=" ">
    <subfield code="a">Santo Domingo : </subfield>
    <subfield code="b">Archivo General de la Naci&#xF3;n (AGN), </subfield>
    <subfield code="c">2025</subfield>
  </datafield>
  <datafield tag="300" ind1=" " ind2=" ">
    <subfield code="a">tomos : </subfield>
    <subfield code="b">fotos b/n,  cuadros ;</subfield>
    <subfield code="c">25 x 17 cm</subfield>
  </datafield>
  <datafield tag="490" ind1=" " ind2=" ">
    <subfield code="a">Archivo General de la Naci&#xF3;n ;  </subfield>
    <subfield code="v">520</subfield>
  </datafield>
  <datafield tag="500" ind1=" " ind2=" ">
    <subfield code="a">Informaci&#xF3;n del autor en las solapas</subfield>
  </datafield>
  <datafield tag="505" ind1=" " ind2=" ">
    <subfield code="a">Sobre una vida dedicada a la Sociolog&#xED;a : pre&#xE1;mbulo a la obra del soci&#xF3;logo dominicano Franc B&#xE1;ez Evertsz |
La Formaci&#xF3;n del Sistema Agroexportador en el Caribe (Rep&#xFA;blica Dominicana y Cuba, 1515-1898) |
Presentaci&#xF3;n.
Cap&#xED;tulo I. Especializaci&#xF3;n y v&#xED;as de desarrollo en el Caribe |
Cap&#xED;tulo II.  Especializaci&#xF3;n fallida, factores de decadencia y desigualdades estructurales |
Cap&#xED;tulo III. Las estructuras precapitalistas de Cuba y Dominicana en la primera mitad del siglo XIX &#x250C;
Cap&#xED;tulo IV. La antesala del capitalismo : procesos preparatorios de la transformaci&#xF3;n | 
Cap&#xED;tulo V. El primer impulso expansivo capitalista, 149 |
Bibliograf&#xED;a.
Az&#xFA;car y Dependencia en la Rep&#xFA;blica Dominicana (desde la emergencia de la industria capitalista del az&#xFA;car hasta su parcial xpropiaci&#xF3;n nacional) .
Pr&#xF3;logo. Luis G&#xF3;mez |
Presentaci&#xF3;n, F. B. |
Introducci&#xF3;n |
Cap&#xED;tulo I. La transformaci&#xF3;n de la producci&#xF3;n azucarera |
Cap&#xED;tulo II. Formaci&#xF3;n y consolidaci&#xF3;n del enclave azucarero |
Cap&#xED;tulo III. Hacia el control nacional del sector exportador : la Era de Trujillo |
Cap&#xED;tulo IV. Tendencias, l&#xED;mites y contradicciones del proyecto trujillista |
Cap&#xED;tulo V. Ap&#xE9;ndice : notas sobre la disoluci&#xF3;n del proyecto trujillista y la era de Balaguer |
Bibliograf&#xED;a |
Anexos.
Propuesta de una Corporaci&#xF3;n Azucarera Dominicana : Informe de Coverdale &amp; Colpitts, 1.&#xB0; de abril de 1958 |
La Corporaci&#xF3;n Azucarera Dominicana : contexto hist&#xF3;rico y ciclo de una propuesta |
</subfield>
  </datafield>
  <datafield tag="650" ind1=" " ind2="7">
    <subfield code="2">lemb</subfield>
    <subfield code="a">Producci&#xF3;n azucarera</subfield>
    <subfield code="x">Historia</subfield>
    <subfield code="9">194627</subfield>
  </datafield>
  <datafield tag="650" ind1=" " ind2="7">
    <subfield code="2">lemb</subfield>
    <subfield code="a"> Exportaciones </subfield>
    <subfield code="x"> Historia</subfield>
    <subfield code="y">Era de Trujillo</subfield>
    <subfield code="9">194628</subfield>
  </datafield>
  <datafield tag="651" ind1=" " ind2="7">
    <subfield code="2">lemb</subfield>
    <subfield code="a"> Rep&#xFA;blica Dominicana</subfield>
    <subfield code="x"> Historia</subfield>
    <subfield code="9">1416</subfield>
  </datafield>
  <datafield tag="700" ind1="1" ind2="0">
    <subfield code="a">Rocha Arias, Kary Alba</subfield>
    <subfield code="9">166060</subfield>
    <subfield code="e">cuidado de la edici&#xF3;n</subfield>
  </datafield>
  <datafield tag="700" ind1="1" ind2="0">
    <subfield code="a">Gonz&#xE1;lez, Raymundo,</subfield>
    <subfield code="d">1961-</subfield>
    <subfield code="q">(Gonz&#xE1;lez de Pe&#xF1;a, Raymundo Manuel)</subfield>
    <subfield code="9">144555</subfield>
    <subfield code="e">cuidado de la edici&#xF3;n</subfield>
  </datafield>
  <datafield tag="700" ind1="1" ind2="0">
    <subfield code="a">Dom&#xED;nguez Novas, Juan Francisco </subfield>
    <subfield code="9">127336</subfield>
    <subfield code="e">diagramador</subfield>
  </datafield>
  <datafield tag="700" ind1="1" ind2="0">
    <subfield code="a"> De la Rosa, Yenifer</subfield>
    <subfield code="e">dise&#xF1;ador de cubierta</subfield>
    <subfield code="9">84991</subfield>
  </datafield>
  <datafield tag="700" ind1="1" ind2="0">
    <subfield code="a">Artiles Gil, Leopoldo</subfield>
    <subfield code="9">27096</subfield>
    <subfield code="e">pre&#xE1;mbulo</subfield>
  </datafield>
  <datafield tag="942" ind1=" " ind2=" ">
    <subfield code="2">ddc</subfield>
    <subfield code="c">BK</subfield>
  </datafield>
  <datafield tag="999" ind1=" " ind2=" ">
    <subfield code="c">113467</subfield>
    <subfield code="d">113467</subfield>
  </datafield>
  <datafield tag="952" ind1=" " ind2=" ">
    <subfield code="0">0</subfield>
    <subfield code="1">0</subfield>
    <subfield code="2">ddc</subfield>
    <subfield code="7">0</subfield>
    <subfield code="8">GEN-RD</subfield>
    <subfield code="a">Principal</subfield>
    <subfield code="d">2025-04-28</subfield>
    <subfield code="l">0</subfield>
    <subfield code="o">RD  972.93 B142o</subfield>
    <subfield code="p">250462</subfield>
    <subfield code="r">2025-04-22 10:31:24</subfield>
    <subfield code="t">Ej. 1</subfield>
    <subfield code="w">2025-04-22</subfield>
    <subfield code="y">BK</subfield>
  </datafield>
  <datafield tag="952" ind1=" " ind2=" ">
    <subfield code="0">0</subfield>
    <subfield code="1">0</subfield>
    <subfield code="2">ddc</subfield>
    <subfield code="7">0</subfield>
    <subfield code="8">GEN-RD</subfield>
    <subfield code="a">Principal</subfield>
    <subfield code="d">2025-04-28</subfield>
    <subfield code="l">0</subfield>
    <subfield code="o">RD  972.93 B142o</subfield>
    <subfield code="p">250463</subfield>
    <subfield code="r">2025-04-22 10:31:24</subfield>
    <subfield code="t">Ej. 2</subfield>
    <subfield code="w">2025-04-22</subfield>
    <subfield code="y">BK</subfield>
  </datafield>
</record>
